| 000 | 00658nam a2200181 4500 | ||
|---|---|---|---|
| 999 |
_c17209 _d17209 |
||
| 008 | 220824b ||||| |||| 00| 0 eng d | ||
| 020 | _a9786214181735 | ||
| 082 |
_22021 _aDFil 363.2 _bG165 |
||
| 100 |
_aGarcia, Mario A. _945736 |
||
| 245 |
_aComparative models of policing: _ba textbook for the 21st century for criminology and criminal justice/ _cMario A. Garcia. |
||
| 250 | _aThird edition. | ||
| 260 |
_aQuezon City, Philippines: _bWiseman's Books Trading, Inc., _c©2021. |
||
| 300 |
_aiv, 189 pages: _billustrations; _c22 cm. |
||
| 500 | _aIncludes bibliography. | ||
| 650 |
_aCriminology. _945737 |
||
| 650 |
_aPolice. _945738 |
||
| 942 |
_2ddc _cDFIL |
||